MARC details
| 000 -CABECERA |
| campo de control de longitud fija |
00935nam a2200253 a 4500 |
| 005 - FECHA Y HORA DE LA ÚLTIMA TRANSACCIÓN |
| campo de control |
20241012063721.0 |
| 008 - ELEMENTOS DE LONGITUD FIJA--INFORMACIÓN GENERAL |
| campo de control de longitud fija |
010917m19911997ag r 000 0 spa d |
| 020 ## - NÚMERO INTERNACIONAL NORMALIZADO PARA LIBROS |
| Número Internacional Estándar del Libro |
9505185189 |
| 035 ## - NÚMERO DE CONTROL DEL SISTEMA |
| Número de control de sistema |
UPN01000111560 |
| 049 ## - COLECCIÓN |
| Colección |
CG |
| 050 #4 - SIGNATURA TOPOGRÁFICA DE LA BIBLIOTECA DEL CONGRESO |
| Número de clasificación |
BF175.5 O24 |
| Número de documento/Ítem |
B6.78 |
| 100 1# - ASIENTO PRINCIPAL--NOMBRE PERSONAL |
| Nombre de persona |
Bollas, Christopher |
| 245 13 - MENCIÓN DE TÍTULO |
| Título |
La sombra del objeto : |
| Resto del título |
psicoanálisis de lo sabido no pensado / |
| Mención de responsabilidad, etc. |
Christopher Bollas ; tr. José Luis Etcheverry. |
| 260 ## - PUBLICACIÓN, DISTRIBUCIÓN, ETC. |
| Lugar de publicación, distribución, etc. |
Buenos aires : |
| Nombre del editor, distribuidor, etc. |
Amorrortu, |
| Fecha de publicación, distribución, etc. |
1991 (1997 impr.). |
| 300 ## - DESCRIPCIÓN FÍSICA |
| Extensión |
347 p. |
| 440 #0 - MENCIÓN DE SERIE/ASIENTO SECUNDARIO--TÍTULO |
| Título |
Biblioteca de psicología y psicoanálisis |
| 534 ## - NOTA SOBRE LA VERSIÓN ORIGINAL |
| Frase introductoria |
Título original: |
| Mención de título del original |
The shadow of the object : psychoalasysis of the unthought know |
| 650 #4 - ASIENTO SECUNDARIO DE MATERIA - TERMINO TEMATICO |
| Término de materia o nombre geográfico como elemento de entrada |
RELACIONES OBJETALES (PSICOANALISIS) |
| 9 (RLIN) |
22843 |
| 650 #2 - ASIENTO SECUNDARIO DE MATERIA - TERMINO TEMATICO |
| Término de materia o nombre geográfico como elemento de entrada |
Transferencia (Psicología) |
| 9 (RLIN) |
5930 |
| 650 #4 - ASIENTO SECUNDARIO DE MATERIA - TERMINO TEMATICO |
| Término de materia o nombre geográfico como elemento de entrada |
CONTRATRANSFERENCIA (PSICOLOGIA) |
| 9 (RLIN) |
12348 |
| 650 #4 - ASIENTO SECUNDARIO DE MATERIA - TERMINO TEMATICO |
| Término de materia o nombre geográfico como elemento de entrada |
INTERPRETACION PSICOANALITICA |
| 9 (RLIN) |
25693 |
| 650 #4 - ASIENTO SECUNDARIO DE MATERIA - TERMINO TEMATICO |
| Término de materia o nombre geográfico como elemento de entrada |
Psicoterapia |
| 9 (RLIN) |
8720 |
| 905 ## - TIPO DE MATERIAL |
| Tipo de material |
Libro |